UITU Library & LRC     

The Waite Groups Turbo C++ Bible (Record no. 3414)

MARC details
000 -LEADER
fixed length control field 00496nam a2200181Ia 4500
008 - FIXED-LENGTH DATA ELEMENTS--GENERAL INFORMATION
fixed length control field 240925s9999 xx 000 0 und d
020 ## - INTERNATIONAL STANDARD BOOK NUMBER
International Standard Book Number 672227428
082 ## - DEWEY DECIMAL CLASSIFICATION NUMBER
Classification number 005.133 BAR
100 ## - MAIN ENTRY--PERSONAL NAME
Personal name Barkakati, Nabajyoti
245 #4 - TITLE STATEMENT
Title The Waite Groups Turbo C++ Bible
250 ## - EDITION STATEMENT
Edition statement NA
260 ## - PUBLICATION, DISTRIBUTION, ETC.
Place of publication, distribution, etc. London:
Name of publisher, distributor, etc. Prentice, Hall
Date of publication, distribution, etc. ,1992.
300 ## - PHYSICAL DESCRIPTION
Extent 1282p.
Other physical details NA
Type of unit Photocopy
500 ## - GENERAL NOTE
General note Includes Index
600 ## - SUBJECT ADDED ENTRY--PERSONAL NAME
Personal name Computer Science
650 ## - SUBJECT ADDED ENTRY--TOPICAL TERM
Topical term or geographic name entry element Computer science, information & general works
942 ## - ADDED ENTRY ELEMENTS (KOHA)
Koha item type Books
Holdings
Withdrawn status Lost status Damaged status Not for loan Collection Home library Current library Date acquired Source of acquisition Cost, normal purchase price Total checkouts Full call number Barcode Date last seen Price effective from Koha item type
        Computer Science UITU Library UITU Library 02/17/1997 Paramount Book Pvt Ltd 160.00   005.133 BAR Q0915 09/25/2024 09/25/2024 Books

Powered by Koha